000 01007cam a2200289 i 4500
001 768714001
003 CO-MdBIC
005 20231124153124.0
008 231124t2004 sp ||||| |||| 00| 0 spa d
020 _a84-7914-303-7
040 _bspa.
_aCO-MdFUSB
_cCO-MdFUSB
_dCO-MdFUSBC
_erda
041 _aspa
082 0 4 _aG 231.3 R892g
100 1 _aRoyo Marín, Antonio
245 1 0 _aEl gran desconocido : el Espíritu Santo y sus dones / Antonio Royo Marín
_c/
250 _a2 ed.
264 1 _aMadrid : Biblioteca de Autores Cristianos
_bBiblioteca de Autores Cristianos,
_c[2004]
264 1 _c©2004
300 _a233 Pag.
_c;
336 _atexto
_btxt
_2rdacontent
337 _2rdamedia
_asin mediación
_bn
338 _2rdacarrier
_avolumen
_bnc
505 0 0 _aEl Espíritu Santo en la trinidad \ Accion del Espíritu Santo en el alma \ Dones \ El Espíritu Santo en las sagradas escrituras \ Nombres del Espíritu Santo
650 1 0 _aEspíritu Santo
_950
942 _cBK
945 _aJOHAN1477
999 _c43686
_d43686